Tilastot visalle Valtiot rajojen mukaan #2

Klikkaa tästä pelataksesi tätä visaa!

Yleistilastot

  • Tätä visaa on pelattu 964 kertaa
  • Keskiarvotulos 16 / 20

Vastaustilastot

MaarajatValtio% Oikein
YhdysvallatKanada
100%
Norja, Ruotsi, VenäjäSuomi
96%
IrlantiYhdistynyt kuningaskunta
95%
Alankomaat, Luxemburg, Ranska, SaksaBelgia
88%
Itävalta, SveitsiLiechtenstein
87%
Itä-Timor, Malesia, Papua-Uusi-GuineaIndonesia
84%
Jemen, Saudi-Arabia, Yhdistyneet arabiemiirikunnatOman
84%
Etelä-AfrikkaLesotho
81%
RanskaMonaco
81%
HaitiDominikaaninen tasavalta
80%
Kolumbia, PeruEcuador
80%
Brasilia, Suriname, VenezuelaGuyana
80%
Afganistan, Intia, Iran, KiinaPakistan
79%
Saudi-ArabiaQatar
78%
Armenia, Azerbaidžan, Turkki, VenäjäGeorgia
77%
Israel, SyyriaLibanon
77%
Laos, Thaimaa, VietnamKambodža
75%
Guatemala, MeksikoBelize
73%
Djibouti, Etiopia, SudanEritrea
72%
MalesiaBrunei
65%

Tulosjakauma

Persentiili vastausten määrän mukaan

Jokaisen tuloksen saaneiden osuus

Tuloshistoriasi

Et ole pelannut tätä visaa